Statistiques concernant Classement de la Ligue 2 2022-2023

Cliquez ici pour prendre le quiz!

Statistiques générales

  • Ce quiz a été pris 30 fois
  • Le résultat moyen est 9 sur 20

Statistiques - réponses

#PointsJVNDClubDB% Correct
369372098Bordeaux+24
78%
85338151112ST-Etienne+6
70%
1753820153Le Havre+27
65%
2723820126Metz+28
61%
55938161111Caen+9
52%
2029387823Niort-32
52%
164538101215Annecy-12
48%
65538151013Guingamp+5
48%
75538151013Paris FC+2
48%
9523815716Sochaux+13
48%
14463814420Laval-12
43%
134738121115Pau-12
43%
12473813817Amiens-12
39%
4603817912Bastia+7
39%
184238101216Dijon-5
35%
174337101314Rodez-6
35%
154538101513Valenciennes-7
35%
10513814915Grenoble-3
30%
19363810622Nimes-18
26%
115038121412Quevilly-2
26%

Distribution des résultats

Percentile par nombre de réponses

% des personnes avec chaque résultat

Votre développement - résultats

Vous n’avez pas pris ce quiz